Lagos e os descobrimentos até 1460 (Registo nº 1195)
[ vista simples ]
| 000 -Etiqueta do registo | |
|---|---|
| Cabeçalho | 00676nam a2200253 4500 |
| 005 - Identificador da versão | |
| Campo de controlo | 20240813121828.0 |
| 095 ## - | |
| -- | PTBN00338541 |
| 021 ## - Número do Depósito Legal | |
| Código do país | PT |
| Número | 281996/08 |
| 100 ## - Dados gerais de processamento | |
| Dados gerais de processamento | 20100319d2008 em d0pory5003 ba |
| 102 ## - Pais de publicação ou produção | |
| País de publicação | Portugal |
| 101 0# - Língua de publicação | |
| Língua do texto, banda sonora, etc. | Português |
| 106 ## - Campo de dados codificados: material textual | |
| Dados codificados do material textual | r |
| 105 ## - Campo de dados codificados: livros | |
| Dados codificados dos livros | a z 001yy |
| 215 ## - Descrição física | |
| Indicação específica da natureza do documento e extensão da espécie | 145 p. |
| Outras indicações físicas | il. |
| Dimensões | 28 cm |
| 200 1# - Titulo e menção de responsabilidade | |
| Título próprio | Lagos e os descobrimentos até 1460 |
| Primeira menção de responsabilidade | Rui Manuel Loureiro |
| 210 ## - Publicação, Distribuição, etc. | |
| Lugar da edição, distribuição, etc. | Lagos |
| Nome do editor, distribuidor, etc. | Câmara Municipal |
| Data da publicação, distribuição, etc. | 2008 |
| 320 ## - Nota relativa a bibliografia e índices internos | |
| Texto da nota | Bibliografia, p. 133-140 |
| 701 #1 - Nome de autor-pessoa física (co-responsabilidade principal) | |
| Palavra de ordem | Loureiro |
| Outra parte do nome não tomada para palavra de ordem | Rui Manuel |
| Datas | 1955- |
| Código de função | Autor / Co-autor |
| 700 #1 - Nome de autor-pessoa física (responsabilidade principal) | |
| Número de registo de entrada de autoridade | 0001674 |
| Palavra de ordem | Albuquerque |
| Outra parte do nome não tomada para palavra de ordem | Luís de |
| Datas | 1917-1995 |
| 942 ## - Elementos de entrada adicionados (Koha) | |
| Tipo de item no Koha | Livro |
| Situação do levantamento | Origin of item (home branch) (coded) | Biblioteca de empréstimo | Código de barras | Cota | Circulation type (not for loan) | Tipo de documento | Nota do exemplar | Damaged status |
|---|---|---|---|---|---|---|---|---|
| Biblioteca Escolar Eng. Nuno Mergulhão | Biblioteca Escolar Eng. Nuno Mergulhão | BENM2183 | 9PT LOU | Livro | Sem mensagem |
